|
|
|
|
| LEADER |
00846nam a2200205Ia 4500 |
| 001 |
CTU_149616 |
| 008 |
210402s9999 xx 000 0 und d |
| 082 |
|
|
|a 577.786
|
| 082 |
|
|
|b S572s
|
| 100 |
|
|
|a Sien, Chia Lin
|
| 245 |
|
4 |
|a The Coastal environmental profile of Singapore
|
| 245 |
|
0 |
|c Chia Lin Sien, Habibullah Khan, Chou Loke Ming
|
| 260 |
|
|
|a Makati, Metro Manila, Philippines
|
| 260 |
|
|
|b International Center for Living Aquatic Resources Management on behalf of the Association of Southeast Asian Nations/United States Coastal Resources Management Project
|
| 260 |
|
|
|c 1988
|
| 650 |
|
|
|a Renewable natural resources,Coastal zone management,Environmental policy
|
| 650 |
|
|
|x Sinh thái học biển
|
| 650 |
|
|
|z Singapore,Singapore,Singapore
|
| 904 |
|
|
|i Nguyên
|
| 980 |
|
|
|a Trung tâm Học liệu Trường Đại học Cần Thơ
|